000 00557nam a2200181 i 4500
001 44797
003 ES-MaACL
005 20250808063500.0
007 t|
008 030324s1978 sp ||||1| spa d
100 1 _aCioranescu, Alejandro,
_d1911-1999
_938865
245 1 0 _aAlejandro de Humboldt en Tenerife /
_cAlejandro Cioranescu.
250 _a2ª ed.
260 _a[Santa Cruz de Tenerife] :
_bAula de Cultura de Tenerife,
_c1978.
300 _a91 p., 2 láms. ;
_c21 cm.
852 _aES-MaACL
_jA-9762
_bR.99184
999 _c44797
_d44797